La integración latinoamericana: visiones regionales y subregionales /
Сохранить в:
| Главный автор: | |
|---|---|
| Другие авторы: | |
| Формат: | Неизвестно |
| Опубликовано: |
San José:
Juricentro. OBREAL. FLACSO
|
| Предметы: | |
| Метки: |
Добавить метку
Нет меток, Требуется 1-ая метка записи!
|
MARC
| LEADER | 00000 a2200000 04500 | ||
|---|---|---|---|
| 001 | 35889 | ||
| 003 | |||
| 008 | 991231s d | ||
| 040 | |a CRAI/IIS |c CRAI/IIS | ||
| 090 | |a 0001 S687i | ||
| 100 | |a Solís, Luis Guillermo | ||
| 245 | |a La integración latinoamericana: visiones regionales y subregionales / |c Luis Guillermo Solís | ||
| 260 | |a San José: |b Juricentro. OBREAL. FLACSO | ||
| 300 | |a 378 p. | ||
| 650 | |a DEMOCRACIA | ||
| 650 | |a DESARROLLO SOCIAL | ||
| 650 | |a ECONOMIA | ||
| 650 | |a GOBERNABILIDAD | ||
| 650 | |a CUBA | ||
| 700 | |a | ||
| 700 | |a Rojas Aravena, Francisco | ||
| 700 | |a | ||
| 999 | |c 17034 |d 17034 | ||
